All Pokemon - Statistics

General Stats
  • This quiz has been taken 10 times
  • The average score is 164 of 1025
Answer Stats
Dex Pokemon % Correct
006 Charizard
78%
025 Pikachu
78%
026 Raichu
78%
015 Beedrill
67%
009 Blastoise
67%
001 Bulbasaur
67%
012 Butterfree
67%
010 Caterpie
67%
004 Charmander
67%
005 Charmeleon
67%
133 Eevee
67%
002 Ivysaur
67%
007 Squirtle
67%
008 Wartortle
67%
013 Weedle
67%
023 Ekans
56%
136 Flareon
56%
039 Jigglypuff
56%
014 Kakuna
56%
470 Leafeon
56%
011 Metapod
56%
151 Mew
56%
150 Mewtwo
56%
258 Mudkip
56%
095 Onix
56%
172 Pichu
56%
054 Psyduck
56%
700 Sylveon
56%
197 Umbreon
56%
003 Venusaur
56%
063 Abra
44%
024 Arbok
44%
069 Bellsprout
44%
155 Cyndaquil
44%
491 Darkrai
44%
050 Diglett
44%
132 Ditto
44%
149 Dragonite
44%
051 Dugtrio
44%
196 Espeon
44%
656 Froakie
44%
282 Gardevoir
44%
471 Glaceon
44%
658 Greninja
44%
250 Ho-Oh
44%
135 Jolteon
44%
124 Jynx
44%
140 Kabuto
44%
064 Kadabra
44%
281 Kirlia
44%
448 Lucario
44%
249 Lugia
44%
129 Magikarp
44%
126 Magmar
44%
081 Magnemite
44%
052 Meowth
44%
122 Mr. Mime
44%
031 Nidoqueen
44%
030 Nidorina
44%
038 Ninetales
44%
018 Pidgeot
44%
017 Pidgeotto
44%
016 Pidgey
44%
127 Pinsir
44%
156 Quilava
44%
078 Rapidash
44%
020 Raticate
44%
019 Rattata
44%
027 Sandshrew
44%
028 Sandslash
44%
215 Sneasel
44%
143 Snorlax
44%
121 Starmie
44%
248 Tyranitar
44%
134 Vaporeon
44%
037 Vulpix
44%
110 Weezing
44%
145 Zapdos
44%
263 Zigzagoon
44%
142 Aerodactyl
33%
065 Alakazam
33%
181 Ampharos
33%
493 Arceus
33%
144 Articuno
33%
153 Bayleef
33%
182 Bellossom
33%
242 Blissey
33%
251 Celebi
33%
113 Chansey
33%
152 Chikorita
33%
035 Clefairy
33%
173 Cleffa
33%
169 Crobat
33%
159 Croconaw
33%
104 Cubone
33%
087 Dewgong
33%
483 Dialga
33%
148 Dragonair
33%
147 Dratini
33%
125 Electabuzz
33%
239 Elekid
33%
244 Entei
33%
102 Exeggcute
33%
103 Exeggutor
33%
083 Farfetch'd
33%
022 Fearow
33%
180 Flaaffy
33%
444 Gabite
33%
445 Garchomp
33%
092 Gastly
33%
094 Gengar
33%
074 Geodude
33%
443 Gible
33%
044 Gloom
33%
042 Golbat
33%
055 Golduck
33%
076 Golem
33%
075 Graveler
33%
383 Groudon
33%
058 Growlithe
33%
130 Gyarados
33%
093 Haunter
33%
107 Hitmonchan
33%
106 Hitmonlee
33%
237 Hitmontop
33%
720 Hoopa
33%
163 Hoothoot
33%
116 Horsea
33%
229 Houndoom
33%
228 Houndour
33%
097 Hypno
33%
174 Igglybuff
33%
141 Kabutops
33%
115 Kangaskhan
33%
230 Kingdra
33%
099 Kingler
33%
109 Koffing
33%
098 Krabby
33%
131 Lapras
33%
246 Larvitar
33%
240 Magby
33%
082 Magneton
33%
056 Mankey
33%
179 Mareep
33%
105 Marowak
33%
154 Meganium
33%
241 Miltank
33%
439 Mime Jr.
33%
146 Moltres
33%
034 Nidoking
33%
033 Nidorino
33%
164 Noctowl
33%
862 Obstagoon
33%
043 Oddish
33%
138 Omanyte
33%
139 Omastar
33%
484 Palkia
33%
046 Paras
33%
047 Parasect
33%
053 Persian
33%
077 Ponyta
33%
137 Porygon
33%
233 Porygon2
33%
474 Porygon-Z
33%
057 Primeape
33%
247 Pupitar
33%
243 Raikou
33%
280 Ralts
33%
384 Rayquaza
33%
643 Reshiram
33%
112 Rhydon
33%
111 Rhyhorn
33%
479 Rotom
33%
722 Rowlet
33%
212 Scizor
33%
123 Scyther
33%
117 Seadra
33%
119 Seaking
33%
086 Seel
33%
161 Sentret
33%
199 Slowking
33%
079 Slowpoke
33%
238 Smoochum
33%
021 Spearow
33%
120 Staryu
33%
208 Steelix
33%
128 Tauros
33%
255 Torchic
33%
726 Torracat
33%
158 Totodile
33%
157 Typhlosion
33%
696 Tyrunt
33%
217 Ursaring
33%
049 Venomoth
33%
048 Venonat
33%
071 Victreebel
33%
045 Vileplume
33%
100 Voltorb
33%
461 Weavile
33%
070 Weepinbell
33%
040 Wigglytuff
33%
562 Yamask
33%
717 Yveltal
33%
644 Zekrom
33%
041 Zubat
33%
718 Zygarde
33%
359 Absol
22%
306 Aggron
22%
698 Amaura
22%
979 Annihilape
22%
842 Appletun
22%
059 Arcanine
22%
566 Archen
22%
304 Aron
22%
184 Azumarill
22%
371 Bagon
22%
374 Beldum
22%
399 Bidoof
22%
654 Braixen
22%
628 Braviary
22%
427 Buneary
22%
659 Bunnelby
22%
794 Buzzwole
22%
737 Charjabug
22%
652 Chesnaught
22%
650 Chespin
22%
390 Chimchar
22%
036 Clefable
22%
091 Cloyster
22%
222 Corsola
22%
790 Cosmoem
22%
789 Cosmog
22%
723 Dartrix
22%
085 Dodrio
22%
084 Doduo
22%
096 Drowzee
22%
466 Electivire
22%
101 Electrode
22%
905 Enamorus
22%
349 Feebas
22%
653 Fennekin
22%
160 Feraligatr
22%
841 Flapple
22%
330 Flygon
22%
657 Frogadier
22%
909 Fuecoco
22%
162 Furret
22%
475 Gallade
22%
1000 Gholdengo
22%
999 Gimmighoul
22%
203 Girafarig
22%
487 Giratina
22%
118 Goldeen
22%
088 Grimer
22%
810 Grookey
22%
440 Happiny
22%
214 Heracross
22%
1019 Hydrapple
22%
727 Incineroar
22%
900 Kleavor
22%
1007 Koraidon
22%
553 Krookodile
22%
645 Landorus
22%
166 Ledian
22%
165 Ledyba
22%
108 Lickitung
22%
264 Linoone
22%
667 Litleo
22%
725 Litten
22%
792 Lunala
22%
370 Luvdisc
22%
745 Lycanroc
22%
068 Machamp
22%
067 Machoke
22%
066 Machop
22%
219 Magcargo
22%
467 Magmortar
22%
462 Magnezone
22%
226 Mantine
22%
556 Maractus
22%
183 Marill
22%
802 Marshadow
22%
259 Marshtomp
22%
376 Metagross
22%
375 Metang
22%
350 Milotic
22%
1008 Miraidon
22%
089 Muk
22%
446 Munchlax
22%
224 Octillery
22%
515 Panpour
22%
511 Pansage
22%
231 Phanpy
22%
221 Piloswine
22%
393 Piplup
22%
060 Poliwag
22%
061 Poliwhirl
22%
062 Poliwrath
22%
728 Popplio
22%
710 Pumpkaboo
22%
668 Pyroar
22%
195 Quagsire
22%
211 Qwilfish
22%
378 Regice
22%
895 Regidrago
22%
486 Regigigas
22%
464 Rhyperior
22%
812 Rillaboom
22%
447 Riolu
22%
744 Rockruff
22%
315 Roselia
22%
627 Rufflet
22%
319 Sharpedo
22%
090 Shellder
22%
266 Silcoon
22%
516 Simipour
22%
854 Sinistea
22%
289 Slaking
22%
080 Slowbro
22%
218 Slugma
22%
235 Smeargle
22%
903 Sneasler
22%
791 Solgaleo
22%
363 Spheal
22%
167 Spinarak
22%
906 Sprigatito
22%
234 Stantler
22%
398 Staraptor
22%
397 Staravia
22%
396 Starly
22%
245 Suicune
22%
283 Surskit
22%
333 Swablu
22%
220 Swinub
22%
114 Tangela
22%
465 Tangrowth
22%
787 Tapu Bulu
22%
788 Tapu Fini
22%
785 Tapu Koko
22%
786 Tapu Lele
22%
216 Teddiursa
22%
072 Tentacool
22%
073 Tentacruel
22%
1024 Terapagos
22%
811 Thwackey
22%
957 Tinkatink
22%
959 Tinkaton
22%
175 Togepi
22%
641 Tornadus
22%
389 Torterra
22%
328 Trapinch
22%
252 Treecko
22%
387 Turtwig
22%
697 Tyrantrum
22%
236 Tyrogue
22%
901 Ursaluna
22%
721 Volcanion
22%
194 Wooper
22%
265 Wurmple
22%
899 Wyrdeer
22%
716 Xerneas
22%
193 Yanma
22%
469 Yanmega
22%
893 Zarude
22%
807 Zeraora
22%
460 Abomasnow
11%
190 Aipom
11%
869 Alcremie
11%
594 Alomomola
11%
334 Altaria
11%
424 Ambipom
11%
347 Anorith
11%
840 Applin
11%
930 Arboliva
11%
1018 Archaludon
11%
567 Archeops
11%
997 Arctibax
11%
168 Ariados
11%
936 Armarouge
11%
846 Arrokuda
11%
713 Avalugg
11%
482 Azelf
11%
298 Azurill
11%
847 Barraskewda
11%
902 Basculegion
11%
550 Basculin
11%
411 Bastiodon
11%
998 Baxcalibur
11%
267 Beautifly
11%
939 Bellibolt
11%
712 Bergmite
11%
400 Bibarel
11%
806 Blacephalon
11%
257 Blaziken
11%
824 Blipbug
11%
525 Boldore
11%
836 Boltund
11%
962 Bombirdier
11%
947 Brambleghast
11%
946 Bramblin
11%
729 Brionne
11%
986 Brute Bonnet
11%
779 Bruxish
11%
406 Budew
11%
412 Burmy
11%
898 Calyrex
11%
323 Camerupt
11%
951 Capsakid
11%
838 Carkol
11%
455 Carnivine
11%
268 Cascoon
11%
797 Celesteela
11%
937 Ceruledge
11%
975 Cetitan
11%
974 Cetoddle
11%
935 Charcadet
11%
1002 Chien-Pao
11%
170 Chinchou
11%
1004 Chi-Yu
11%
815 Cinderace
11%
980 Clodsire
11%
839 Coalossal
11%
638 Cobalion
11%
563 Cofagrigus
11%
256 Combusken
11%
341 Corphish
11%
823 Corviknight
11%
822 Corvisquire
11%
408 Cranidos
11%
488 Cresselia
11%
453 Croagunk
11%
901 Crocalor
11%
864 Cursola
11%
742 Cutiefly
11%
967 Cyclizar
11%
927 Dachsbun
11%
555 Darmanitan
11%
554 Darumaka
11%
724 Decidueye
11%
702 Dedenne
11%
585 Deerling
11%
633 Deino
11%
225 Delibird
11%
655 Delphox
11%
781 Dhelmise
11%
719 Diancie
11%
1011 Dipplin
11%
929 Dolliv
11%
977 Dondozo
11%
825 Dottler
11%
691 Dragalge
11%
887 Dragapult
11%
886 Drakloak
11%
885 Dreepy
11%
426 Drifblim
11%
425 Drifloon
11%
817 Drizzile
11%
832 Dubwool
11%
580 Ducklett
11%
982 Dudunsparce
11%
206 Dunsparce
11%
884 Duraludon
11%
632 Durant
11%
356 Dusclops
11%
477 Dusknoir
11%
355 Duskull
11%
269 Dustox
11%
875 Eiscue
11%
830 Eldegoss
11%
956 Espathra
11%
890 Eternatus
11%
295 Exploud
11%
870 Falinks
11%
981 Farigiraf
11%
1016 Fezandipiti
11%
926 Fidough
11%
963 Finizen
11%
669 Flabébé
11%
973 Flamigo
11%
662 Fletchinder
11%
661 Fletchling
11%
955 Flittle
11%
907 Floragato
11%
987 Flutter Mane
11%
205 Forretress
11%
996 Frigibax
11%
478 Froslass
11%
934 Garganacl
11%
423 Gastrodon
11%
649 Genesect
11%
526 Gigalith
11%
362 Glalie
11%
896 Glastrier
11%
207 Gligar
11%
969 Glimmet
11%
970 Glimmora
11%
706 Goodra
11%
704 Goomy
11%
829 Gossifleur
11%
1020 Gouging Fire
11%
945 Grafaiai
11%
210 Granbull
11%
984 Great Tusk
11%
971 Greavard
11%
861 Grimmsnarl
11%
736 Grubbin
11%
799 Guzzlord
11%
783 Hakamo-o
11%
701 Hawlucha
11%
631 Heatmor
11%
485 Heatran
11%
695 Heliolisk
11%
694 Helioptile
11%
430 Honchkrow
11%
187 Hoppip
11%
972 Houndstone
11%
635 Hydreigon
11%
859 Impidimp
11%
392 Infernape
11%
686 Inkay
11%
818 Inteleon
11%
1022 Iron Boulder
11%
991 Iron Bundle
11%
1023 Iron Crown
11%
992 Iron Hands
11%
993 Iron Jugulis
11%
1010 Iron Leaves
11%
994 Iron Moth
11%
995 Iron Thorns
11%
990 Iron Treads
11%
1006 Iron Valiant
11%
782 Jangmo-o
11%
385 Jirachi
11%
189 Jumpluff
11%
798 Kartana
11%
647 Keldeo
11%
941 Kilowattrel
11%
983 Kingambit
11%
600 Klang
11%
950 Klawf
11%
707 Klefki
11%
599 Klink
11%
601 Klinklang
11%
784 Kommo-o
11%
552 Krokorok
11%
891 Kubfu
11%
382 Kyogre
11%
646 Kyurem
11%
305 Lairon
11%
608 Lampent
11%
171 Lanturn
11%
636 Larvesta
11%
380 Latias
11%
381 Latios
11%
542 Leavanny
11%
915 Lechonk
11%
463 Lickilicky
11%
607 Litwick
11%
920 Lokix
11%
428 Lopunny
11%
294 Loudred
11%
272 Ludicolo
11%
404 Luxio
11%
405 Luxray
11%
943 Mabosstiff
11%
801 Magearna
11%
687 Malamar
11%
473 Mamoswine
11%
490 Manaphy
11%
630 Mandibuzz
11%
458 Mantyke
11%
942 Maschiff
11%
284 Masquerain
11%
925 Maushold
11%
308 Medicham
11%
307 Meditite
11%
809 Melmetal
11%
648 Meloetta
11%
808 Meltan
11%
908 Meowscarada
11%
481 Mesprit
11%
778 Mimikyu
11%
312 Minun
11%
200 Misdreavus
11%
429 Mismagius
11%
391 Monferno
11%
755 Morelull
11%
877 Morpeko
11%
414 Mothim
11%
866 Mr. Rime
11%
1015 Munkidori
11%
517 Munna
11%
198 Murkrow
11%
932 Nacli
11%
933 Naclstack
11%
804 Naganadel
11%
177 Natu
11%
800 Necrozma
11%
827 Nickit
11%
029 Nidoran♀
11%
032 Nidoran♂
11%
793 Nihilego
11%
290 Nincada
11%
291 Ninjask
11%
714 Noibat
11%
715 Noivern
11%
299 Nosepass
11%
322 Numel
11%
919 Nymble
11%
1017 Ogerpon
11%
916 Oinkologne
11%
1014 Okidogi
11%
765 Oranguru
11%
826 Orbeetle
11%
741 Oricorio
11%
968 Orthworm
11%
501 Oshawott
11%
904 Overqwil
11%
417 Pachirisu
11%
964 Palafin
11%
536 Palpitoad
11%
674 Pancham
11%
675 Pangoro
11%
513 Pansear
11%
921 Pawmi
11%
922 Pawmo
11%
923 Pawmot
11%
1025 Pecharunt
11%
795 Pheromosa
11%
489 Phione
11%
499 Pignite
11%
204 Pineco
11%
311 Plusle
11%
803 Poipole
11%
186 Politoed
11%
1012 Poltchageist
11%
855 Polteageist
11%
261 Poochyena
11%
730 Primarina
11%
476 Probopass
11%
432 Purugly
11%
914 Quaquaval
11%
912 Quaxly
11%
913 Quaxwell
11%
651 Quilladin
11%
814 Raboot
11%
954 Rabsca
11%
1021 Raging Bolt
11%
409 Rampardos
11%
894 Regieleki
11%
377 Regirock
11%
379 Registeel
11%
953 Rellor
11%
966 Revavroom
11%
1005 Roaring Moon
11%
524 Roggenrola
11%
837 Rolycoly
11%
821 Rookidee
11%
407 Roserade
11%
867 Runerigus
11%
302 Sableye
11%
373 Salamence
11%
844 Sandaconda
11%
551 Sandile
11%
989 Sandy Shocks
11%
539 Sawk
11%
586 Sawsbuck
11%
254 Sceptile
11%
545 Scolipede
11%
813 Scorbunny
11%
952 Scovillain
11%
560 Scrafty
11%
985 Scream Tail
11%
364 Sealeo
11%
273 Seedot
11%
537 Seismitoad
11%
540 Sewaddle
11%
492 Shaymin
11%
292 Shedinja
11%
372 Shelgon
11%
422 Shellos
11%
410 Shieldon
11%
756 Shiinotic
11%
944 Shroodle
11%
213 Shuckle
11%
353 Shuppet
11%
561 Sigilyph
11%
512 Simisage
11%
514 Simisear
11%
1013 Sinistcha
11%
865 Sirfetch'd
11%
911 Skeledirge
11%
188 Skiploom
11%
300 Skitty
11%
705 Sliggoo
11%
988 Slither Wing
11%
928 Smoliv
11%
361 Snorunt
11%
459 Snover
11%
209 Snubbull
11%
816 Sobble
11%
338 Solrock
11%
897 Spectrier
11%
918 Spidops
11%
931 Squawkabilly
11%
805 Stakataka
11%
874 Stonjourner
11%
618 Stunfisk
11%
185 Sudowoodo
11%
192 Sunflora
11%
191 Sunkern
11%
541 Swadloon
11%
581 Swanna
11%
528 Swoobat
11%
938 Tadbulb
11%
276 Taillow
11%
663 Talonflame
11%
924 Tandemaus
11%
917 Tarountula
11%
978 Tatsugiri
11%
498 Tepig
11%
639 Terrakion
11%
828 Thievul
11%
642 Thundurus
11%
1003 Ting-Lu
11%
958 Tinkatuff
11%
564 Tirtouga
11%
948 Toedscool
11%
949 Toedscruel
11%
777 Togedemaru
11%
468 Togekiss
11%
176 Togetic
11%
709 Trevenant
11%
357 Tropius
11%
535 Tympole
11%
772 Type: Null
11%
201 Unown
11%
892 Urshifu
11%
480 Uxie
11%
583 Vanillish
11%
582 Vanillite
11%
584 Vanilluxe
11%
965 Varoom
11%
976 Veluza
11%
543 Venipede
11%
329 Vibrava
11%
494 Victini
11%
738 Vikavolt
11%
640 Virizion
11%
313 Volbeat
11%
320 Wailmer
11%
321 Wailord
11%
1009 Walking Wake
11%
365 Walrein
11%
940 Wattrel
11%
544 Whirlipede
11%
340 Whiscash
11%
960 Wiglett
11%
767 Wimpod
11%
746 Wishiwashi
11%
202 Wobbuffet
11%
1001 Wo-Chien
11%
527 Woobat
11%
831 Wooloo
11%
413 Wormadam
11%
961 Wugtrio
11%
178 Xatu
11%
796 Xurkitree
11%
835 Yamper
11%
888 Zacian
11%
889 Zamazenta
11%
335 Zangoose
11%
571 Zoroark
11%
570 Zorua
11%
634 Zweilous
11%
617 Accelgor
0%
681 Aegislash
0%
591 Amoonguss
0%
752 Araquanid
0%
883 Arctovish
0%
881 Arctozolt
0%
348 Armaldo
0%
683 Aromatisse
0%
531 Audino
0%
699 Aurorus
0%
610 Axew
0%
343 Baltoy
0%
354 Banette
0%
689 Barbaracle
0%
339 Barboach
0%
614 Beartic
0%
606 Beheeyem
0%
760 Bewear
0%
688 Binacle
0%
625 Bisharp
0%
522 Blitzle
0%
438 Bonsly
0%
626 Bouffalant
0%
761 Bounsweet
0%
286 Breloom
0%
437 Bronzong
0%
436 Bronzor
0%
418 Buizel
0%
331 Cacnea
0%
332 Cacturne
0%
703 Carbink
0%
565 Carracosta
0%
318 Carvanha
0%
351 Castform
0%
851 Centiskorch
0%
609 Chandelure
0%
441 Chatot
0%
421 Cherrim
0%
420 Cherubi
0%
833 Chewtle
0%
358 Chimecho
0%
433 Chingling
0%
573 Cinccino
0%
366 Clamperl
0%
692 Clauncher
0%
693 Clawitzer
0%
344 Claydol
0%
852 Clobbopus
0%
415 Combee
0%
764 Comfey
0%
534 Conkeldurr
0%
879 Copperajah
0%
546 Cottonee
0%
740 Crabominable
0%
739 Crabrawler
0%
346 Cradily
0%
845 Cramorant
0%
342 Crawdaunt
0%
558 Crustle
0%
615 Cryogonal
0%
613 Cubchoo
0%
878 Cufant
0%
301 Delcatty
0%
386 Deoxys
0%
502 Dewott
0%
751 Dewpider
0%
660 Diggersby
0%
232 Donphan
0%
680 Doublade
0%
882 Dracovish
0%
880 Dracozolt
0%
780 Drampa
0%
452 Drapion
0%
834 Drednaw
0%
529 Drilbur
0%
621 Druddigon
0%
578 Duosion
0%
557 Dwebble
0%
603 Eelektrik
0%
604 Eelektross
0%
309 Electrike
0%
605 Elgyem
0%
500 Emboar
0%
587 Emolga
0%
395 Empoleon
0%
589 Escavalier
0%
677 Espurr
0%
530 Excadrill
0%
597 Ferroseed
0%
598 Ferrothorn
0%
456 Finneon
0%
419 Floatzel
0%
670 Floette
0%
671 Florges
0%
753 Fomantis
0%
590 Foongus
0%
611 Fraxure
0%
592 Frillish
0%
873 Frosmoth
0%
676 Furfrou
0%
596 Galvantula
0%
569 Garbodor
0%
431 Glameow
0%
472 Gliscor
0%
673 Gogoat
0%
622 Golett
0%
768 Golisopod
0%
623 Golurk
0%
368 Gorebyss
0%
574 Gothita
0%
576 Gothitelle
0%
575 Gothorita
0%
711 Gourgeist
0%
853 Grapploct
0%
820 Greedent
0%
388 Grotle
0%
253 Grovyle
0%
326 Grumpig
0%
316 Gulpin
0%
735 Gumshoos
0%
533 Gurdurr
0%
297 Hariyama
0%
856 Hatenna
0%
858 Hatterene
0%
857 Hattrem
0%
612 Haxorus
0%
507 Herdier
0%
449 Hippopotas
0%
450 Hippowdon
0%
679 Honedge
0%
367 Huntail
0%
314 Illumise
0%
876 Indeedee
0%
593 Jellicent
0%
595 Joltik
0%
588 Karrablast
0%
352 Kecleon
0%
775 Komala
0%
401 Kricketot
0%
402 Kricketune
0%
510 Liepard
0%
345 Lileep
0%
549 Lilligant
0%
506 Lillipup
0%
271 Lombre
0%
270 Lotad
0%
457 Lumineon
0%
337 Lunatone
0%
754 Lurantis
0%
296 Makuhita
0%
310 Manectric
0%
747 Mareanie
0%
303 Mawile
0%
678 Meowstic
0%
619 Mienfoo
0%
620 Mienshao
0%
262 Mightyena
0%
868 Milcery
0%
572 Minccino
0%
774 Minior
0%
860 Morgrem
0%
749 Mudbray
0%
750 Mudsdale
0%
518 Musharna
0%
274 Nuzleaf
0%
770 Palossand
0%
766 Passimian
0%
504 Patrat
0%
624 Pawniard
0%
279 Pelipper
0%
863 Perrserker
0%
548 Petilil
0%
708 Phantump
0%
519 Pidove
0%
731 Pikipek
0%
871 Pincurchin
0%
394 Prinplup
0%
509 Purrloin
0%
771 Pyukumuku
0%
369 Relicanth
0%
223 Remoraid
0%
579 Reuniclus
0%
743 Ribombee
0%
757 Salandit
0%
758 Salazzle
0%
503 Samurott
0%
769 Sandygast
0%
664 Scatterbug
0%
559 Scraggy
0%
497 Serperior
0%
496 Servine
0%
336 Seviper
0%
616 Shelmet
0%
275 Shiftry
0%
403 Shinx
0%
285 Shroomish
0%
843 Silicobra
0%
773 Silvally
0%
850 Sizzlipede
0%
227 Skarmory
0%
672 Skiddo
0%
451 Skorupi
0%
690 Skrelp
0%
435 Skuntank
0%
819 Skwovet
0%
287 Slakoth
0%
685 Slurpuff
0%
495 Snivy
0%
872 Snom
0%
577 Solosis
0%
665 Spewpa
0%
327 Spinda
0%
442 Spiritomb
0%
325 Spoink
0%
682 Spritzee
0%
762 Steenee
0%
508 Stoutland
0%
759 Stufful
0%
434 Stunky
0%
317 Swalot
0%
260 Swampert
0%
277 Swellow
0%
684 Swirlix
0%
538 Throh
0%
532 Timburr
0%
324 Torkoal
0%
733 Toucannon
0%
748 Toxapex
0%
848 Toxel
0%
454 Toxicroak
0%
849 Toxtricity
0%
520 Tranquill
0%
568 Trubbish
0%
732 Trumbeak
0%
763 Tsareena
0%
776 Turtonator
0%
602 Tynamo
0%
521 Unfezant
0%
416 Vespiquen
0%
288 Vigoroth
0%
666 Vivillon
0%
637 Volcarona
0%
629 Vullaby
0%
505 Watchog
0%
547 Whimsicott
0%
293 Whismur
0%
278 Wingull
0%
360 Wynaut
0%
734 Yungoos
0%
523 Zebstrika
0%
No matching quizzes found
Score Distribution
Percent of People with Each Score
Percentile by Number Answered
Your Score History
You have not taken this quiz